Coaching: la ultima palabra en desarrollo de liderazgo / Marshall Goldsmith, Laurence Lyonis y Alyssa Frias (Registro nro. 11347)
[ vista simple ]
| 000 -LEADER | |
|---|---|
| fixed length control field | 00661nam a22002051a 4500 |
| 001 - CONTROL NUMBER | |
| control field | 11347 |
| 003 - CONTROL NUMBER IDENTIFIER | |
| control field | OSt |
| 005 - DATE AND TIME OF LATEST TRANSACTION | |
| control field | 20260204212239.0 |
| 008 - FIXED-LENGTH DATA ELEMENTS--GENERAL INFORMATION | |
| fixed length control field | 120807s2001||||mx ||||||b||||||||||spa|| |
| 020 ## - NUMERO DE LIBRO INTERNACIONAL NORMALIZADO | |
| International Standard Book Number | 9702601940 |
| 050 ## - LIBRARY OF CONGRESS CALL NUMBER | |
| Classification number | 658.4092 G573c |
| 100 ## - ASIENTO PRINCIPAL -- NOMBRE PERSONAL | |
| Personal name | Goldsmith, Marshall |
| 245 ## - TÍTULO PROPIAMENTE DICHO: SUBTÍTULO | |
| Title | Coaching: la ultima palabra en desarrollo de liderazgo / Marshall Goldsmith, Laurence Lyonis y Alyssa Frias |
| 264 ## - PRODUCTION, PUBLICATION, DISTRIBUTION, MANUFACTURE, AND COPYRIGHT NOTICE | |
| Place of production, publication, distribution, manufacture | México: Pearson Educación |
| 300 ## - PHYSICAL DESCRIPTION | |
| Extensión | 392 p |
| 490 ## - MENCIÓN DE SERIE | |
| Series statement | Alla negocios |
| 500 ## - GENERAL NOTE | |
| General note | Incluye indice y bibliografía |
| 650 ## - ASIENTO SECUNDARIO DE MATERIA -- TERMINO TEMÁTICO | |
| Termino Temático Como Elemento de Entrada | Liderazco Ejecutivo 2.Liderazgo Estratégico 3.Administración Estrátegico 4.CoachingÌ |
| 942 ## - ADDED ENTRY ELEMENTS (KOHA) | |
| Source of classification or shelving scheme | Dewey Decimal Classification |
| Koha item type | Libros |
| Withdrawn status | Lost status | Source of classification or shelving scheme | Damaged status | Not for loan | Current library | Date acquired | Total Checkouts | Full call number | Barcode | Date last seen | Price effective from | Koha item type |
|---|---|---|---|---|---|---|---|---|---|---|---|---|
| Dewey Decimal Classification | Biblioteca UTECO | 09/09/2019 | 658.4092 G573C | 015943 | 09/09/2019 | 09/09/2019 | Libros | |||||
| Dewey Decimal Classification | Biblioteca UTECO | 09/09/2019 | 658.4092 G573C | 015944 | 09/09/2019 | 09/09/2019 | Libros | |||||
| Dewey Decimal Classification | Biblioteca UTECO | 09/09/2019 | 658.4092 G573C | 015945 | 09/09/2019 | 09/09/2019 | Libros |
